000 00287nam a2200097Ia 4500
008 220204s9999 xx 000 0 und d
082 _a339.562(540)(058)
_bIND
245 0 _aIndian importers and exporters directory 1998-99
260 _aNew Delhi
_bCentre of Publications
_c1999
942 _cBK
999 _c41767
_d41767